000
00195 a2200097 4500
001
3326
100
_a
Bellegarde, C.D
245
_a
African escape
260
_a
_b
Kimber
_c
090
_c
2604
_d
2604
942
_a
NUST-CAE
_c
M
_c
17825
999
_c
238399
_d
238399